Un viaje hacia el Polo Sur realizado en los años 1822-1824.
Zapisane w:
| 1. autor: | |
|---|---|
| Kolejni autorzy: | , |
| Format: | Nieznany |
| Język: | angielski |
| Wydane: |
Ciudad de Buenos Aires, Argentina:
Eudeba,
2006.
|
| Wydanie: | 1ª edición. |
| Seria: | Colección Reservada del Museo del fin del mundo.
|
| Hasła przedmiotowe: | |
| Etykiety: |
Dodaj etykietę
Nie ma etykietki, Dołącz pierwszą etykiete!
|
MARC
| LEADER | 00000 a2200000 4500 | ||
|---|---|---|---|
| 003 | CL-VaPUC | ||
| 005 | 20230907101518.0 | ||
| 008 | 230824b ||||| |||| 00| 0 eng d | ||
| 999 | |c 441707 |d 441705 | ||
| 020 | |a 978-950-23-1540-9 | ||
| 040 | |c Pontificia Universidad Católica de Valparaíso | ||
| 082 | |2 22 |a 919.804 WED 2006 | ||
| 100 | |a Weddell, James |9 437611 |e autor | ||
| 245 | |a Un viaje hacia el Polo Sur realizado en los años 1822-1824. | ||
| 250 | |a 1ª edición. | ||
| 260 | |a Ciudad de Buenos Aires, Argentina: |b Eudeba, |c 2006. | ||
| 300 | |a 221 páginas. | ||
| 490 | |a Colección Reservada del Museo del fin del mundo. | ||
| 583 | |k GC |c 20230824 | ||
| 650 | 0 | |9 408124 |a Viajes y expediciones |y Siglo 19 |z Polo Sur |z Antártica | |
| 651 | 0 | |9 345728 |a Tierra del Fuego |v Descripciones y viajes |y Siglo 19 |z Argentina |z Chile | |
| 651 | 0 | |9 259075 |a Regiones antárticas |v Relatos de viajes |y Siglo 19 | |
| 700 | |9 884416 |a Piana, Ernesto Luis |e estudio preliminar | ||
| 700 | |9 865336 |a Pico Estrada, Agustín |e traducción |e notas | ||
| 942 | |2 ddc |c BK | ||
| 952 | |0 0 |1 0 |2 ddc |4 0 |6 919_804000000000000_WED_2006 |7 0 |8 A |9 591351 |a BIBHIS |b BIBHIS |c GEN |d 2023-08-24 |e 185 |g 18758.50 |i 5658497 |o 919.804 WED 2006 |p 5658497 |r 2025-01-20 |t 1 |v 18758.50 |w 2023-08-24 |y BK |k HIS | ||